| 000 | 00444nam a2200181 4500 | ||
|---|---|---|---|
| 003 | OSt | ||
| 008 | 241005b |||||||| |||| 00| 0 eng d | ||
| 020 | _a9789388485289 | ||
| 041 | _amal | ||
| 082 |
_a894.8123 _bPRA/VE |
||
| 100 |
_aPrathapan _96314 |
||
| 245 | _aVelavoor vazhi venjaramoodu / | ||
| 250 | _a1st ed. | ||
| 260 |
_aThiruvananthapuram : _bChintha Publishers, _c2019. |
||
| 300 | _a64p. | ||
| 650 |
_aStories _96292 |
||
| 942 | _cBK | ||
| 999 |
_c18135 _d18135 |
||